[Event "75th NED-ch"]
[Site "Amsterdam NED"]
[Date "2019.07.06"]
[Round "6"]
[White "l`Ami, Erwin"]
[Black "Van Foreest, Lucas"]
[Result "1/2-1/2"]
[WhiteElo "2633"]
[BlackElo "2521"]
[EventDate "2019.07.01"]
[PlyCount "138"]

1.d4 Nf6 2.c4 e6 3.Nc3 Bb4 4.e3 O-O 5.Bd3 c5 6.Ne2 d5 7.cxd5 cxd4 8.exd4 
Qxd5 9.O-O Qh5 10.Ne4 Nbd7 11.Qc2 Nxe4 12.Bxe4 Nf6 13.Bf3 Qb5 14.a3 Bd6 
15.Nc3 Qa5 16.Be3 Bd7 17.g3 Qc7 18.Qb3 Bc6 19.d5 Nxd5 20.Nxd5 exd5 21.Bxd5
Bxd5 22.Qxd5 Rad8 23.Rac1 Qb8 24.Qa5 b6 25.Qb5 h6 26.a4 Rfe8 27.Rfd1 Rc8 
28.Rxc8 Rxc8 29.Qd5 Be5 30.b4 Re8 31.Kg2 Bf6 32.b5 Rd8 33.Qf3 Bg5 34.Bxg5 
hxg5 35.Rd5 Qa8 36.Re5 Qxf3+ 37.Kxf3 Rd3+ 38.Re3 g4+ 39.Kf4 Rd2 40.Re7 
Rxf2+ 41.Kxg4 Kh7 42.Rxa7 Kh6 43.Ra6 f5+ 44.Kh3 Kh5 45.Rxb6 g5 46.g4+ 
fxg4+ 47.Kg3 Rf3+ 48.Kg2 Ra3 49.Rb8 Ra2+ 50.Kg1 Ra1+ 51.Kg2 Ra2+ 52.Kf1 
Ra1+ 53.Ke2 g3 54.hxg3 Rxa4 55.Kd3 Kg4 56.Kc3 Kxg3 57.Rg8 g4 58.b6 Ra3+ 
59.Kc4 Ra4+ 60.Kc5 Ra5+ 61.Kc6 Ra6 62.Kb5 Rxb6+ 63.Kxb6 Kf3 64.Kc5 g3 65.
Kd4 g2 66.Kd3 Kf2 67.Rf8+ Ke1 68.Rg8 Kf2 69.Rxg2+ Kxg2 1/2-1/2